[Event "Piemont Province-ch"]
[Site "Santhia"]
[Date "2011.03.11"]
[Round "2"]
[White "Squara, Marco"]
[Black "Ubezio, Marco"]
[Result "1/2-1/2"]
[WhiteElo "1810"]
[BlackElo "2131"]
[PlyCount "73"]
[EventDate "2011.03.04"]
[EventType "swiss"]
[EventRounds "6"]
[EventCountry "ITA"]
[SourceTitle "EXT 2024"]
[Source "ChessBase"]
[SourceDate "2023.10.10"]
[SourceVersion "1"]
[SourceVersionDate "2023.10.10"]
[SourceQuality "1"]

1. d4 Nf6 2. c4 e6 3. Nc3 Bb4 4. Qc2 0-0 5. a3 Bxc3+ 6. Qxc3 b5 7. cxb5 c6 8. Nf3 cxb5 9. e3 Qb6 10. Qc5 Ba6 11. Qxb6 axb6 12. b4 Rc8 13. Bb2 Ne4 14. Bd3 Bb7 15. Bxe4 Bxe4 16. Rc1 Na6 17. Kd2 Kf8 18. Rxc8+ Rxc8 19. Rc1 Rxc1 20. Bxc1 f6 21. Ne1 Nc7 22. f3 Bb1 23. e4 Ke7 24. Kc3 Ba2 25. Bf4 d6 26. Nd3 Bc4 27. Bg3 h6 28. Bf2 d5 29. e5 f5 30. h4 g6 31. Be3 Bxd3 32. Kxd3 h5 33. Bd2 Na6 34. Ke3 Kf7 35. Kf2 Nb8 36. Bg5 Nc6 37. Ke3 1/2-1/2

[Event "Biella Province-ch"]
[Site "Valle Mosso"]
[Date "2010.03.12"]
[Round "1"]
[White "Bardone, Lorenzo"]
[Black "Squara, Marco"]
[Result "1/2-1/2"]
[WhiteElo "1515"]
[BlackElo "1824"]
[PlyCount "50"]
[EventDate "2010.03.12"]
[EventType "k.o."]
[EventRounds "6"]
[EventCountry "ITA"]
[SourceTitle "EXT 2024"]
[Source "ChessBase"]
[SourceDate "2023.10.10"]
[SourceVersion "1"]
[SourceVersionDate "2023.10.10"]
[SourceQuality "1"]

1. e4 c5 2. Nf3 Nc6 3. Bb5 d6 4. 0-0 Bd7 5. Re1 a6 6. Bf1 Nf6 7. d3 g6 8. g3 Bg7 9. Bg2 0-0 10. Nc3 Qc8 11. Na4 Qc7 12. c4 Bg4 13. h3 Bxf3 14. Bxf3 Nd4 15. Be3 Nxf3+ 16. Qxf3 b5 17. Nc3 b4 18. Ne2 Nd7 19. Bc1 a5 20. Rb1 Ne5 21. Qe3 Qd7 22. f4 Nc6 23. Kg2 Nd4 24. Nxd4 Bxd4 25. Qe2 Bg7 1/2-1/2

[Event "Imperia Corallo op-A 3rd"]
[Site "Imperia"]
[Date "2008.11.22"]
[Round "2"]
[White "Squara, Marco"]
[Black "Platino, Maurizio"]
[Result "1/2-1/2"]
[WhiteElo "1610"]
[BlackElo "1900"]
[PlyCount "50"]
[EventDate "2008.11.21"]
[EventType "swiss"]
[EventRounds "5"]
[EventCountry "ITA"]
[SourceTitle "EXT 2011"]
[Source "ChessBase"]
[SourceDate "2010.11.26"]
[SourceVersion "1"]
[SourceVersionDate "2010.11.26"]
[SourceQuality "1"]

1. e4 e6 2. d4 d5 3. Nd2 dxe4 4. Nxe4 Nd7 5. Nf3 Ngf6 6. Nxf6+ Nxf6 7. Bd3 Be7 8. Bf4 0-0 9. 0-0 c5 10. dxc5 Bxc5 11. Qe2 Qb6 12. Rab1 Bd6 13. Bxd6 Qxd6 14. Rbd1 Qc7 15. h3 b6 16. Be4 Nxe4 17. Qxe4 Bb7 18. Qe2 Rad8 19. c3 Qc6 20. Qe5 f6 21. Qg3 e5 22. Nh4 Bc8 23. Nf3 Bb7 24. Qg4 Bc8 25. Qh4 Bb7 1/2-1/2